| 000 | 01265cam a2200277 a 4500 | ||
|---|---|---|---|
| 001 | 000028469 | ||
| 005 | 20200930054948.0 | ||
| 008 | 840501s2010 dr r 000 0bspa c | ||
| 020 | _a9789945163582 | ||
| 040 |
_aDO-SdBNP _bspa _cBNPHU |
||
| 082 |
_a262.1 _bM672p, |
||
| 100 | 1 |
_aMiranda, Roberto S. _910162 |
|
| 245 | 1 | 4 |
_aPies de barro / _cRoberto S. Miranda. |
| 246 | 1 | 4 | _aEl rey Josafat era un hombre piadoso y un gran líder, pero tenía... los pies de barro |
| 260 |
_aSanto Domingo : _bBúho, _c2010. |
||
| 300 |
_a242 p. ; _c20 cm. |
||
| 500 | _aLecciones prácticas para el liderazgo cristiano. | ||
| 500 | _aIncluye datos biográficos del autor en la solapa de la cubierta. | ||
| 505 | 0 |
_gIntroducción -- _tHéroe con pies de barro -- _tProsperidad en la fidelidad -- _tErrores decisivos -- _tReformas judiciales y administrativas -- _tLa oración de un hombre justo -- _tParaos, Estad Firmes y Ved -- _tMilagro en Beraca -- _tEpílogo: Adiós a los pies de barro. |
|
| 590 | _aInventariado, 2018/ YL | ||
| 650 | 4 |
_aLiderazgo cristiano _940815 |
|
| 650 | 4 |
_aLiderazgo en la biblia _940816 |
|
| 650 | 4 |
_aBiblia.-a.t.-reyes _xCrítica, interpretación, etc. _955424 |
|
| 650 | 4 |
_aBiblia _xBiografías _951062 |
|
| 910 | _aValidado. Control de calidad. EMS | ||
| 999 |
_c27961 _d27961 |
||